LEADER 04512nam 22007935 450 001 9910437824203321 005 20250814101736.0 010 $a1-283-63307-8 010 $a9786613945525 010 $a81-322-0723-8 024 7 $a10.1007/978-81-322-0723-8 035 $a(CKB)2670000000254135 035 $a(EBL)1030793 035 $a(OCoLC)810444220 035 $a(SSID)ssj0000767166 035 $a(PQKBManifestationID)11430337 035 $a(PQKBTitleCode)TC0000767166 035 $a(PQKBWorkID)10739560 035 $a(PQKB)11138542 035 $a(DE-He213)978-81-322-0723-8 035 $a(MiAaPQ)EBC1030793 035 $a(PPN)168332841 035 $a(EXLCZ)992670000000254135 100 $a20120914d2013 u| 0 101 0 $aeng 135 $aur|n|---||||| 181 $ctxt 182 $cc 183 $acr 200 10$aRecent advances in crop protection /$fby P.Parvatha Reddy 205 $a1st ed. 2013. 210 1$aNew Delhi :$cSpringer India :$cImprint: Springer,$d2013. 215 $a1 online resource (281 p.) 300 $aDescription based upon print version of record. 311 08$a81-322-0722-X 320 $aIncludes bibliographical references and index. 327 $aPreface -- chapter 1. introduction.-chapter2. avermectins.-chapter3. bacteriophages.-chapter 4. biofumigation.-chapter 5. biotechnological approaches.-chapter6. bio-priming of seeds -- chapter 7. disguising the leaf surface.-chapter 8. non-pathogenic strains -- chapter 9. plant defense activators.-chapter 10. plant growth promoting rhizobacteria (pgpr).-chapter 11. soil solarization.-chapter 12. strobilurin fungicides.-chapter 13. variety mixtures/cultivar mixtures/multilines.-chapter 14. biointensive integrated pest management -- chapter 15. pathogenesis-related proteins (prs).-chapter16. other recent advances.-subject index. 330 $aIn the recent years, the need to increase food production to meet the demands of rapidly increasing population from a limited land resource necessitated the use of intensive farming systems, with the inputs like narrow genetic base, high dose of fertilizers, pesticides, irrigation, monocropping, etc. which led to the development of diseases and pest. The effect of changing global climate, particularly the sharp increase in CO2 concentration, has increased the susceptibility of plants to pathogens and pests. Because of the chemicalization of agriculture, the age-old eco-friendly pest management practices like sanitation, crop rotation, mixed cropping, adjustment of date of planting, fallowing, summer ploughing, green manuring, composting, etc. are not being practiced, affecting the crops adversely. This has encouraged researchers to look for eco-friendly and novel approaches for pest management. The information on recent advances in crop protection (involvingbacteria, fungi, nematodes, insects, mites and weeds) is scattered. The book delves upon the most latest developments in crop protection such as avermectins, bacteriophages, biofumigation, biotechnological approaches; bio-priming of seeds; disguising the leaf surface; use of non-pathogenic strains, plant defense activators, plant growth promoting rhizobacteria, pathogenesis-related proteins, strobilurin fungicides, RNA interference, and variety of mixtures/cultivar mixtures/multilines; soil solarization; biointensive integrated pest management; among several others (fusion protein-based biopesticides, seed mat technology and environmental methods). This book is a ready reference for students, policy-makers, scientists, researchers and extension workers. . 606 $aBotany 606 $aPlant ecology 606 $aSustainability 606 $aAgriculture 606 $aPlant diseases 606 $aPlant Science 606 $aPlant Ecology 606 $aSustainability 606 $aAgriculture 606 $aPlant Pathology 615 0$aBotany. 615 0$aPlant ecology. 615 0$aSustainability. 615 0$aAgriculture. 615 0$aPlant diseases. 615 14$aPlant Science. 615 24$aPlant Ecology. 615 24$aSustainability. 615 24$aAgriculture. 615 24$aPlant Pathology. 676 $a632 676 $a632.9 676 $a632/.9 700 $aParvatha Reddy$b P$01759419 801 0$bMiAaPQ 801 1$bMiAaPQ 801 2$bMiAaPQ 906 $aBOOK 912 $a9910437824203321 996 $aRecent advances in crop protection$94197876 997 $aUNINA